000 00711nam a2200205 a 4500
001 1243
005 20140414131922.0
008 041111s19uu xx 00 eng d
020 _a0-8136-3639-6
050 _aER
_bW92 1987
100 _aChapman, Jean
245 _aWreck of Georgette, The /
_cJean Chapman ; illustrated by Jack Montgomery.
260 _aCleveland, Ohio :
_bModern Curriculum Press,
_c1987.
300 _a32 p. : ill. ; cm.
520 _aLast century, off the South-West coast of Western Australia, a small ship sprang a leak while battling heavy seas and gale-force winds.
650 _aShips
_xJuvenile literature.
650 _aChildren stories.
999 _c111809
_d111809